000 00531nam a2200181Ia 4500
005 20250326142140.0
008 250326s9999 xx 000 0 und d
037 _aTextbook
040 _aFMSL
_beng
_cFMSL
041 _aeng
_2eng
084 _aX;89ZB(Y31) M2
_qFMSL
100 _aTracy M
_9745660
245 0 _aPeople and policies in rural development
_cTracy M
260 _aUnited Kingdom
_bUnited Kingdom, Arkleton Trust
_c1982
300 _a56p
942 _cTB
_hX;89ZB(Y31) M2
999 _c1293660
_d1293660